Online
Catalog

Observaciones criticas. : (Record no. 40449)

MARC details
000 -CABECERA
campo de control de longitud fija 00571nam a2200157 a 4500
001 - NÚMERO DE CONTROL
campo de control 000040959
005 - FECHA Y HORA DE LA ÚLTIMA TRANSACCIÓN
campo de control 20240305083702.0
008 - DATOS DE LONGITUD FIJA--INFORMACIÓN GENERAL
campo de control de longitud fija 130912s1902 ng 000 0 spa d
040 ## - FUENTE DE LA CATALOGACIÓN
Centro catalogador/agencia de origen DO-SdBNP
Lengua de catalogación spa
Centro/agencia transcriptor BNPHU
082 ## - NÚMERO DE LA CLASIFICACIÓN DECIMAL DEWEY
Número de clasificación xxx
Número de documento/Ítem xxxx
100 1# - ENTRADA PRINCIPAL--NOMBRE DE PERSONA
Nombre de persona Angulo Guridi, Alejandro,
Fechas asociadas al nombre 1823-1906
9 (RLIN) 22243
245 10 - MENCIÓN DE TÍTULO
Título Observaciones criticas. :
Resto del título sobre un libro de Mr. D. I. Burton /
Mención de responsabilidad, etc. Alejandro Angulo Guridi.
260 ## - PUBLICACIÓN, DISTRIBUCIÓN, ETC.
Lugar de publicación, distribución, etc. Managua, Nicaragua :
Nombre del editor, distribuidor, etc. Tipografía Nacional,
Fecha de publicación, distribución, etc. 1902.
300 ## - DESCRIPCIÓN FÍSICA
Extensión 205 p. ;
Dimensiones 20 cm.
500 ## - NOTA GENERAL
Nota general Perteneció a la biblioteca personal de Carlos Larrazábal Blanco.
Holdings
Estado de retiro Estado de pérdida Restricciones de uso No para préstamo Código de colección Localización permanente Ubicación/localización actual Ubicación en estantería Fecha de adquisición Número de inventario Total de préstamos Signatura topográfica completa Código de barras Fecha visto por última vez Precio válido a partir de Tipo de ítem Koha Nota pública
      Excluido de préstamo Monografías: Libros y Folletos General General En catalogación 12.09.2013 LF1   xxx xxxx 40959-10 25.06.2020 25.06.2020 No se presta Perteneció a la biblioteca personal de Carlos Larrazábal Blanco.

Powered by Koha